| 000 | 00785cam a22002412 4500 | ||
|---|---|---|---|
| 001 | 0000000158 | ||
| 005 | 20151021151039.0 | ||
| 008 | 070111s xx 000 0 eng d | ||
| 020 |
_a8181472063 : _cKES 2,900 |
||
| 040 |
_aKABU _cKABU |
||
| 050 | 0 |
_aTK5105.5 _b.P48 2003 |
|
| 100 | 1 |
_aPeterson, Larry L. _@0000148215 |
|
| 245 | 1 | 0 |
_aComputer networks : _ba system approach / _cLarry Peterson and Bruce S. Davie. |
| 250 | _a3rd ed. | ||
| 260 |
_aNew Delhi : _bElsevier, _c2003. |
||
| 300 | _axxvii, 813 p. | ||
| 650 | 0 |
_aComputer networks. _@0000148214 |
|
| 700 | 1 |
_aDavie, Bruce S. _@0000148216 |
|
| 908 | _a070111 | ||
| 950 | _@1 | ||
| 999 |
_c43 _d43 |
||